[Event "Tournoi International du Pays de Charleroi 2018"]
[Site "Roux, Belgium"]
[Date "2018.07.28"]
[Round "1.32"]
[White "Van Malder, Dries"]
[Black "De Smedt, Mark"]
[Result "1-0"]
[WhiteElo "2126"]
[BlackElo "1926"]

1. d4 {[%clk 01:30:57]} {[%emt 00:00:02]} d5 {[%clk 01:30:54]} {[%emt
00:00:06]} 2. c4 {[%clk 01:31:17]} {[%emt 00:00:10]} Nc6 {[%clk 01:31:11]}
{[%emt 00:00:14]} 3. Nc3 {[%clk 01:29:18]} {[%emt 00:02:28]} Nf6 {[%clk
01:31:29]} {[%emt 00:00:12]} 4. cxd5 {[%clk 01:20:15]} {[%emt 00:09:34]} Nxd5
{[%clk 01:31:48]} {[%emt 00:00:11]} 5. e4 {[%clk 01:20:07]} {[%emt 00:00:37]}
Nxc3 {[%clk 01:32:03]} {[%emt 00:00:16]} 6. bxc3 {[%clk 01:20:28]} {[%emt
00:00:08]} e5 {[%clk 01:32:05]} {[%emt 00:00:28]} 7. d5 {[%clk 01:19:55]}
{[%emt 00:01:04]} Nb8 {[%clk 01:31:54]} {[%emt 00:00:41]} 8. Be3 {[%clk
01:07:23]} {[%emt 00:13:01]} Bd6 {[%clk 01:28:10]} {[%emt 00:04:14]} 9. Nf3
{[%clk 00:58:55]} {[%emt 00:08:58]} Qe7 {[%clk 01:18:57]} {[%emt 00:09:43]} 10.
Be2 {[%clk 00:48:31]} {[%emt 00:10:54]} Nd7 {[%clk 01:16:03]} {[%emt 00:03:24]}
11. O-O {[%clk 00:43:47]} {[%emt 00:05:13]} O-O {[%clk 01:15:11]} {[%emt
00:01:22]} 12. Nd2 {[%clk 00:43:28]} {[%emt 00:00:49]} Bc5 {[%clk 01:10:36]}
{[%emt 00:05:06]} 13. Bxc5 {[%clk 00:38:00]} {[%emt 00:05:58]} Nxc5 {[%clk
01:10:24]} {[%emt 00:00:42]} 14. Bg4 {[%clk 00:36:01]} {[%emt 00:02:29]} Qg5
{[%clk 00:50:28]} {[%emt 00:20:25]} 15. Bxc8 {[%clk 00:36:07]} {[%emt
00:00:25]} Raxc8 {[%clk 00:50:44]} {[%emt 00:00:14]} 16. Qe2 {[%clk 00:33:06]}
{[%emt 00:03:30]} f5 {[%clk 00:29:25]} {[%emt 00:21:50]} 17. f3 {[%clk
00:26:46]} {[%emt 00:06:50]} Rf6 {[%clk 00:23:53]} {[%emt 00:06:02]} 18. Rfe1
{[%clk 00:21:25]} {[%emt 00:05:51]} f4 {[%clk 00:20:14]} {[%emt 00:04:08]} 19.
c4 {[%clk 00:19:16]} {[%emt 00:02:39]} Qh4 {[%clk 00:18:28]} {[%emt 00:02:16]}
20. Nb3 {[%clk 00:18:20]} {[%emt 00:01:27]} Nd7 {[%clk 00:07:32]} {[%emt
00:11:27]} 21. Qf2 {[%clk 00:17:31]} {[%emt 00:01:18]} Qh5 {[%clk 00:07:39]}
{[%emt 00:00:23]} 22. Rab1 {[%clk 00:12:50]} {[%emt 00:05:11]} Rh6 {[%clk
00:07:54]} {[%emt 00:00:14]} 23. h3 {[%clk 00:13:00]} {[%emt 00:00:21]} b6
{[%clk 00:05:47]} {[%emt 00:02:38]} 24. c5 {[%clk 00:08:10]} {[%emt 00:05:19]}
Rg6 {[%clk 00:06:13]} {[%emt 00:00:03]} 25. Kh1 {[%clk 00:07:47]} {[%emt
00:00:53]} h6 {[%clk 00:06:40]} {[%emt 00:00:04]} 26. Rec1 {[%clk 00:07:54]}
{[%emt 00:00:23]} Nf8 {[%clk 00:06:50]} {[%emt 00:00:21]} 27. a4 {[%clk
00:06:35]} {[%emt 00:01:48]} Nh7 {[%clk 00:07:13]} {[%emt 00:00:06]} 28. Nd2
{[%clk 00:05:45]} {[%emt 00:01:21]} Rg3 {[%clk 00:03:30]} {[%emt 00:04:13]} 29.
Nf1 {[%clk 00:05:50]} {[%emt 00:00:25]} Rg6 {[%clk 00:01:53]} {[%emt 00:02:07]}
30. a5 {[%clk 00:06:05]} {[%emt 00:00:16]} bxc5 {[%clk 00:01:06]} {[%emt
00:01:17]} 31. Rxc5 {[%clk 00:06:12]} {[%emt 00:00:21]} Rf6 {[%clk 00:00:45]}
{[%emt 00:00:52]} 32. Rbc1 {[%clk 00:06:16]} {[%emt 00:00:26]} Qf7 {[%clk
00:00:42]} {[%emt 00:00:34]} 33. Qc2 {[%clk 00:06:23]} {[%emt 00:00:22]} Ng5
{[%clk 00:01:08]} {[%emt 00:00:03]} 34. Rxc7 {[%clk 00:05:27]} {[%emt
00:01:27]} Rxc7 {[%clk 00:01:37]} {[%emt 00:00:01]} 35. Qxc7 {[%clk 00:05:47]}
{[%emt 00:00:09]} Qh5 {[%clk 00:01:52]} {[%emt 00:00:16]} 36. d6 {[%clk
00:03:55]} {[%emt 00:02:22]} Nxf3 {[%clk 00:02:03]} {[%emt 00:00:19]} 37. d7
{[%clk 00:03:42]} {[%emt 00:00:43]} Kh7 {[%clk 00:02:32]} {[%emt 00:00:01]} 38.
d8=Q {[%clk 00:03:32]} {[%emt 00:00:40]} Rg6 {[%clk 00:02:53]} {[%emt
00:00:10]} 39. Qcc8 {[%clk 00:02:14]} {[%emt 00:01:47]} Qxh3 {[%clk 00:02:58]}
{[%emt 00:00:25]} 40. Qxh3 {[%emt 00:00:08]} 1-0

[Event "Tournoi International du Pays de Charleroi 2018"]
[Site "Roux, Belgium"]
[Date "2018.07.28"]
[Round "1.28"]
[White "Vanderwaeren, Serge"]
[Black "De Weird, Matthias"]
[Result "1-0"]
[WhiteTitle "FM"]
[WhiteElo "2145"]
[BlackElo "1962"]

1. Nf3 {[%clk 01:30:56]} {[%emt 00:00:02]} d5 {[%clk 01:30:56]} {[%emt
00:00:06]} 2. c4 {[%clk 01:31:16]} {[%emt 00:00:09]} Nf6 {[%clk 01:31:06]}
{[%emt 00:00:21]} 3. cxd5 {[%clk 01:31:25]} {[%emt 00:00:20]} Nxd5 {[%clk
01:31:30]} {[%emt 00:00:07]} 4. d4 {[%clk 01:31:31]} {[%emt 00:00:24]} g6
{[%clk 01:30:34]} {[%emt 00:01:25]} 5. e4 {[%clk 01:31:43]} {[%emt 00:00:17]}
Nb6 {[%clk 01:30:46]} {[%emt 00:00:20]} 6. h3 {[%clk 01:31:59]} {[%emt
00:00:14]} Bg7 {[%clk 01:30:54]} {[%emt 00:00:22]} 7. Nc3 {[%clk 01:32:21]}
{[%emt 00:00:07]} O-O {[%clk 01:31:09]} {[%emt 00:00:16]} 8. Be2 {[%clk
01:32:25]} {[%emt 00:00:25]} Nc6 {[%clk 01:30:48]} {[%emt 00:00:52]} 9. Be3
{[%clk 01:31:11]} {[%emt 00:01:43]} f5 {[%clk 01:30:38]} {[%emt 00:00:41]} 10.
d5 {[%clk 01:31:14]} {[%emt 00:00:26]} fxe4 {[%clk 01:24:27]} {[%emt 00:06:42]}
11. dxc6 {[%clk 01:31:06]} {[%emt 00:00:38]} exf3 {[%clk 01:23:59]} {[%emt
00:00:58]} 12. Bxf3 {[%clk 01:31:05]} {[%emt 00:00:30]} bxc6 {[%clk 01:23:09]}
{[%emt 00:01:21]} 13. Bxc6 {[%clk 01:30:41]} {[%emt 00:00:54]} Rb8 {[%clk
01:23:01]} {[%emt 00:00:38]} 14. O-O {[%clk 01:29:21]} {[%emt 00:01:50]} Qd6
{[%clk 01:22:09]} {[%emt 00:01:17]} 15. Bf3 {[%clk 01:29:06]} {[%emt 00:00:49]}
Nc4 {[%clk 01:21:36]} {[%emt 00:01:00]} 16. Qxd6 {[%clk 01:28:55]} {[%emt
00:00:43]} Nxd6 {[%clk 01:19:49]} {[%emt 00:02:18]} 17. Bxa7 {[%clk 01:27:38]}
{[%emt 00:01:47]} Rxb2 {[%clk 01:20:11]} {[%emt 00:00:09]} 18. Nd5 {[%clk
01:27:04]} {[%emt 00:01:04]} e6 {[%clk 01:17:15]} {[%emt 00:03:26]} 19. Ne7+
{[%clk 01:27:01]} {[%emt 00:00:31]} Kh8 {[%clk 01:16:12]} {[%emt 00:01:29]} 20.
Nxc8 {[%clk 01:27:10]} {[%emt 00:00:27]} Rxc8 {[%clk 01:14:31]} {[%emt
00:02:10]} 21. Rfd1 {[%clk 01:25:24]} {[%emt 00:02:15]} e5 {[%clk 01:13:55]}
{[%emt 00:01:08]} 22. Rac1 {[%clk 01:23:45]} {[%emt 00:02:08]} Nb5 {[%clk
01:09:25]} {[%emt 00:04:58]} 23. Bb6 {[%clk 01:20:35]} {[%emt 00:03:42]} e4
{[%clk 01:06:04]} {[%emt 00:03:52]} 24. Bg4 {[%clk 01:19:22]} {[%emt 00:01:42]}
Rf8 {[%clk 01:04:46]} {[%emt 00:01:46]} 25. Bc5 {[%clk 01:19:02]} {[%emt
00:00:51]} Ra8 {[%clk 01:03:54]} {[%emt 00:01:20]} 26. a4 {[%clk 01:17:46]}
{[%emt 00:01:49]} Nc3 {[%clk 01:04:04]} {[%emt 00:00:19]} 27. Rd7 {[%clk
01:17:15]} {[%emt 00:01:02]} Nxa4 {[%clk 00:53:44]} {[%emt 00:10:51]} 28. Ba3
{[%clk 01:11:59]} {[%emt 00:05:45]} Nb6 {[%clk 00:53:16]} {[%emt 00:00:58]} 29.
Rxg7 {[%clk 01:09:39]} {[%emt 00:02:50]} Rxa3 {[%clk 00:48:48]} {[%emt
00:04:59]} 30. Rcxc7 {[%clk 01:09:31]} {[%emt 00:00:37]} 1-0

[Event "Tournoi International du Pays de Charleroi 2018"]
[Site "Roux, Belgium"]
[Date "2018.07.28"]
[Round "1.25"]
[White "Lui, Eric"]
[Black "Iolis, Oleg"]
[Result "0-1"]
[WhiteElo "1970"]
[BlackElo "2151"]

1. e4 {[%clk 01:30:39]} {[%emt 00:00:21]} c5 {[%clk 01:30:52]} {[%emt
00:00:09]} 2. Nc3 {[%clk 01:30:54]} {[%emt 00:00:15]} d6 {[%clk 01:31:06]}
{[%emt 00:00:16]} 3. g3 {[%clk 01:31:17]} {[%emt 00:00:07]} Nf6 {[%clk
01:30:45]} {[%emt 00:00:50]} 4. Bg2 {[%clk 01:31:29]} {[%emt 00:00:18]} Nc6
{[%clk 01:30:58]} {[%emt 00:00:18]} 5. d3 {[%clk 01:31:09]} {[%emt 00:00:50]}
g6 {[%clk 01:31:22]} {[%emt 00:00:06]} 6. h3 {[%clk 01:30:47]} {[%emt
00:00:51]} Bg7 {[%clk 01:31:45]} {[%emt 00:00:08]} 7. Be3 {[%clk 01:30:56]}
{[%emt 00:00:21]} O-O {[%clk 01:31:38]} {[%emt 00:00:37]} 8. Qd2 {[%clk
01:30:41]} {[%emt 00:00:44]} Nd4 {[%clk 01:30:46]} {[%emt 00:01:23]} 9. Nd1
{[%clk 01:30:09]} {[%emt 00:01:01]} d5 {[%clk 01:28:18]} {[%emt 00:02:58]} 10.
c3 {[%clk 01:24:25]} {[%emt 00:06:14]} Ne6 {[%clk 01:28:41]} {[%emt 00:00:07]}
11. e5 {[%clk 01:22:49]} {[%emt 00:02:06]} Ne8 {[%clk 01:28:34]} {[%emt
00:00:37]} 12. Bh6 {[%clk 01:19:17]} {[%emt 00:04:02]} f6 {[%clk 01:21:44]}
{[%emt 00:07:21]} 13. Nf3 {[%clk 01:10:39]} {[%emt 00:09:08]} d4 {[%clk
01:02:57]} {[%emt 00:19:17]} 14. O-O {[%clk 01:04:05]} {[%emt 00:07:03]} f5
{[%clk 01:02:44]} {[%emt 00:00:44]} 15. c4 {[%clk 01:00:17]} {[%emt 00:04:18]}
Bd7 {[%clk 00:57:03]} {[%emt 00:06:11]} 16. Nh4 {[%clk 00:42:14]} {[%emt
00:18:31]} Bxh6 {[%clk 00:56:15]} {[%emt 00:01:19]} 17. Qxh6 {[%clk 00:42:30]}
{[%emt 00:00:14]} Bc6 {[%clk 00:55:18]} {[%emt 00:01:27]} 18. Bxc6 {[%clk
00:40:41]} {[%emt 00:02:20]} bxc6 {[%clk 00:55:43]} {[%emt 00:00:05]} 19. b3
{[%clk 00:37:49]} {[%emt 00:03:22]} f4 {[%clk 00:53:25]} {[%emt 00:02:48]} 20.
Nb2 {[%clk 00:34:58]} {[%emt 00:03:20]} N8g7 {[%clk 00:51:30]} {[%emt
00:02:25]} 21. g4 {[%clk 00:34:32]} {[%emt 00:00:56]} f3 {[%clk 00:41:53]}
{[%emt 00:10:07]} 22. Rae1 {[%clk 00:30:12]} {[%emt 00:04:50]} Qe8 {[%clk
00:41:58]} {[%emt 00:00:25]} 23. Re4 {[%clk 00:29:35]} {[%emt 00:01:07]} Qf7
{[%clk 00:40:46]} {[%emt 00:01:42]} 24. Kh1 {[%clk 00:27:31]} {[%emt 00:02:33]}
g5 {[%clk 00:39:12]} {[%emt 00:02:04]} 25. Nf5 {[%clk 00:27:52]} {[%emt
00:00:10]} Nxf5 {[%clk 00:39:34]} {[%emt 00:00:08]} 26. gxf5 {[%clk 00:28:08]}
{[%emt 00:00:14]} Qxf5 {[%clk 00:39:59]} {[%emt 00:00:05]} 27. Rg1 {[%clk
00:27:38]} {[%emt 00:01:00]} Kh8 {[%clk 00:39:11]} {[%emt 00:01:18]} 28. Rg3
{[%clk 00:25:33]} {[%emt 00:02:34]} Rg8 {[%clk 00:38:39]} {[%emt 00:01:02]} 29.
Na4 {[%clk 00:24:50]} {[%emt 00:01:14]} Raf8 {[%clk 00:37:04]} {[%emt
00:02:05]} 30. Qh5 {[%clk 00:19:48]} {[%emt 00:05:31]} Rg6 {[%clk 00:32:30]}
{[%emt 00:05:05]} 31. h4 {[%clk 00:12:39]} {[%emt 00:07:39]} gxh4 {[%clk
00:29:11]} {[%emt 00:03:49]} 32. Qxf5 {[%clk 00:12:35]} {[%emt 00:00:33]} Rxf5
{[%clk 00:29:35]} {[%emt 00:00:07]} 33. Rxg6 {[%clk 00:12:41]} {[%emt
00:00:24]} hxg6 {[%clk 00:30:01]} {[%emt 00:00:05]} 34. Rxh4 {[%clk 00:12:50]}
{[%emt 00:00:20]} Kg7 {[%clk 00:30:22]} {[%emt 00:00:08]} 35. Re4 {[%clk
00:12:19]} {[%emt 00:01:02]} Nf4 {[%clk 00:26:58]} {[%emt 00:03:54]} 36. Nxc5
{[%clk 00:12:09]} {[%emt 00:00:40]} Rh5 {[%clk 00:27:21]} {[%emt 00:00:07]} 37.
Kg1 {[%clk 00:11:21]} {[%emt 00:01:18]} Ne2+ {[%clk 00:28:13]} {[%emt
00:00:36]} 0-1

[Event "Tournoi International du Pays de Charleroi 2018"]
[Site "Roux, Belgium"]
[Date "2018.07.28"]
[Round "1.5"]
[White "Hafner, Christian"]
[Black "Cruz Lledo, Pablo"]
[Result "0-1"]
[BlackTitle "IM"]
[WhiteElo "2072"]
[BlackElo "2443"]

1. c4 {[%clk 01:30:52]} {[%emt 00:00:07]} e6 {[%clk 01:28:18]} {[%emt
00:02:43]} 2. g3 {[%clk 01:30:55]} {[%emt 00:00:26]} d5 {[%clk 01:28:09]}
{[%emt 00:00:39]} 3. Bg2 {[%clk 01:30:11]} {[%emt 00:01:12]} Nf6 {[%clk
01:28:23]} {[%emt 00:00:17]} 4. Nf3 {[%clk 01:30:15]} {[%emt 00:00:27]} Be7
{[%clk 01:28:41]} {[%emt 00:00:13]} 5. b3 {[%clk 01:27:42]} {[%emt 00:03:02]}
O-O {[%clk 01:29:02]} {[%emt 00:00:08]} 6. Bb2 {[%clk 01:27:43]} {[%emt
00:00:30]} b6 {[%clk 01:29:16]} {[%emt 00:00:16]} 7. O-O {[%clk 01:27:53]}
{[%emt 00:00:19]} Bb7 {[%clk 01:29:41]} {[%emt 00:00:06]} 8. d3 {[%clk
01:13:27]} {[%emt 00:14:56]} Nbd7 {[%clk 01:22:51]} {[%emt 00:07:20]} 9. Nbd2
{[%clk 01:06:28]} {[%emt 00:07:29]} a5 {[%clk 01:19:40]} {[%emt 00:03:42]} 10.
a3 {[%clk 00:58:57]} {[%emt 00:08:01]} Re8 {[%clk 01:17:28]} {[%emt 00:02:41]}
11. Qc2 {[%clk 00:58:52]} {[%emt 00:00:34]} Bf8 {[%clk 01:16:20]} {[%emt
00:01:39]} 12. e4 {[%clk 00:55:49]} {[%emt 00:03:32]} dxe4 {[%clk 01:15:43]}
{[%emt 00:01:08]} 13. dxe4 {[%clk 00:56:03]} {[%emt 00:00:16]} e5 {[%clk
01:13:56]} {[%emt 00:02:18]} 14. Rfe1 {[%clk 00:51:04]} {[%emt 00:05:27]} Bc5
{[%clk 01:13:31]} {[%emt 00:00:56]} 15. Bc3 {[%clk 00:45:24]} {[%emt 00:06:10]}
Qe7 {[%clk 01:11:57]} {[%emt 00:02:04]} 16. Qb2 {[%clk 00:45:10]} {[%emt
00:00:45]} Ng4 {[%clk 01:00:42]} {[%emt 00:11:45]} 17. Re2 {[%clk 00:44:21]}
{[%emt 00:01:19]} f6 {[%clk 00:58:06]} {[%emt 00:03:06]} 18. h3 {[%clk
00:38:46]} {[%emt 00:06:04]} Nh6 {[%clk 00:58:26]} {[%emt 00:00:11]} 19. Ne1
{[%clk 00:35:13]} {[%emt 00:04:02]} Nb8 {[%clk 00:54:08]} {[%emt 00:04:48]} 20.
Nc2 {[%clk 00:35:03]} {[%emt 00:00:41]} Nc6 {[%clk 00:54:28]} {[%emt 00:00:10]}
21. Rf1 {[%clk 00:34:20]} {[%emt 00:01:12]} Rad8 {[%clk 00:54:21]} {[%emt
00:00:38]} 22. Nf3 {[%clk 00:27:43]} {[%emt 00:07:06]} Ba6 {[%clk 00:46:04]}
{[%emt 00:08:48]} 23. Rc1 {[%clk 00:24:37]} {[%emt 00:03:36]} a4 {[%clk
00:45:30]} {[%emt 00:01:05]} 24. Ne3 {[%clk 00:20:06]} {[%emt 00:04:59]} Bxa3
{[%clk 00:44:54]} {[%emt 00:01:07]} 0-1

[Event "Tournoi International du Pays de Charleroi 2018"]
[Site "Roux, Belgium"]
[Date "2018.07.28"]
[Round "1.21"]
[White "Bruno, Ricardo"]
[Black "Van Cappellen, Jonas"]
[Result "0-1"]
[WhiteElo "1989"]
[BlackElo "2202"]

1. e4 {[%clk 01:30:57]} {[%emt 00:00:01]} c5 {[%clk 01:30:52]} {[%emt
00:00:09]} 2. Nf3 {[%clk 01:31:21]} {[%emt 00:00:04]} e6 {[%clk 01:31:02]}
{[%emt 00:00:21]} 3. d3 {[%clk 01:31:42]} {[%emt 00:00:10]} Nc6 {[%clk
01:30:18]} {[%emt 00:01:13]} 4. Nbd2 {[%clk 01:31:43]} {[%emt 00:00:29]} d5
{[%clk 01:29:03]} {[%emt 00:01:45]} 5. g3 {[%clk 01:32:06]} {[%emt 00:00:07]}
Nf6 {[%clk 01:29:24]} {[%emt 00:00:09]} 6. Bg2 {[%clk 01:32:30]} {[%emt
00:00:06]} Be7 {[%clk 01:29:41]} {[%emt 00:00:13]} 7. O-O {[%clk 01:32:51]}
{[%emt 00:00:09]} O-O {[%clk 01:30:03]} {[%emt 00:00:08]} 8. Re1 {[%clk
01:32:33]} {[%emt 00:00:48]} b5 {[%clk 01:30:13]} {[%emt 00:00:21]} 9. Qe2
{[%clk 01:31:49]} {[%emt 00:01:13]} a5 {[%clk 01:28:04]} {[%emt 00:02:40]} 10.
Nf1 {[%clk 01:32:01]} {[%emt 00:00:16]} b4 {[%clk 01:24:52]} {[%emt 00:03:43]}
11. e5 {[%clk 01:31:48]} {[%emt 00:00:44]} Nd7 {[%clk 01:25:14]} {[%emt
00:00:07]} 12. h4 {[%clk 01:31:55]} {[%emt 00:00:23]} Ba6 {[%clk 01:24:14]}
{[%emt 00:01:30]} 13. N1h2 {[%clk 01:30:08]} {[%emt 00:02:16]} c4 {[%clk
01:19:39]} {[%emt 00:05:07]} 14. Bf4 {[%clk 01:28:19]} {[%emt 00:02:18]} b3
{[%clk 01:12:24]} {[%emt 00:07:45]} 15. axb3 {[%clk 01:18:06]} {[%emt
00:10:43]} cxd3 {[%clk 01:12:31]} {[%emt 00:00:24]} 16. cxd3 {[%clk 01:17:18]}
{[%emt 00:01:17]} Nc5 {[%clk 01:07:33]} {[%emt 00:05:27]} 17. Rad1 {[%clk
01:12:17]} {[%emt 00:05:32]} Nb4 {[%clk 01:05:44]} {[%emt 00:02:20]} 18. Ng5
{[%clk 01:01:49]} {[%emt 00:10:57]} Bxd3 {[%clk 00:56:11]} {[%emt 00:10:03]} 19.
Rxd3 {[%clk 00:57:05]} {[%emt 00:05:14]} Nbxd3 {[%clk 00:54:21]} {[%emt
00:02:21]} 20. Qh5 {[%clk 00:31:47]} {[%emt 00:25:47]} Bxg5 {[%clk 00:43:17]}
{[%emt 00:11:34]} 21. Bxg5 {[%clk 00:28:01]} {[%emt 00:04:15]} f6 {[%clk
00:20:14]} {[%emt 00:23:33]} 22. exf6 {[%clk 00:27:22]} {[%emt 00:01:10]} gxf6
{[%clk 00:20:27]} {[%emt 00:00:18]} 23. Bh6 {[%clk 00:22:55]} {[%emt 00:04:56]}
Rf7 {[%clk 00:16:11]} {[%emt 00:04:45]} 24. Re2 {[%clk 00:19:09]} {[%emt
00:04:14]} Qd7 {[%clk 00:12:41]} {[%emt 00:04:02]} 25. Bh3 {[%clk 00:16:08]}
{[%emt 00:03:32]} Kh8 {[%clk 00:11:43]} {[%emt 00:01:29]} 26. Nf3 {[%clk
00:14:44]} {[%emt 00:01:53]} Ne4 {[%clk 00:08:15]} {[%emt 00:03:57]} 27. Nd4
{[%clk 00:14:18]} {[%emt 00:00:56]} f5 {[%clk 00:07:50]} {[%emt 00:00:56]} 28.
Nf3 {[%clk 00:10:01]} {[%emt 00:04:47]} Rg8 {[%clk 00:05:02]} {[%emt 00:03:18]}
29. Ng5 {[%clk 00:08:45]} {[%emt 00:01:46]} Rf6 {[%clk 00:04:19]} {[%emt
00:01:13]} 30. Nxe4 {[%clk 00:05:41]} {[%emt 00:03:33]} dxe4 {[%clk 00:04:08]}
{[%emt 00:00:42]} 31. Bg5 {[%clk 00:05:13]} {[%emt 00:00:58]} Rfg6 {[%clk
00:03:25]} {[%emt 00:01:13]} 32. Bd2 {[%clk 00:04:16]} {[%emt 00:01:27]} Rc8
{[%clk 00:03:12]} {[%emt 00:00:44]} 33. Kh2 {[%clk 00:03:33]} {[%emt 00:01:11]}
Ne5 {[%clk 00:02:10]} {[%emt 00:01:32]} 34. Bg2 {[%clk 00:02:17]} {[%emt
00:01:46]} Ng4 {[%clk 00:02:29]} {[%emt 00:00:12]} 0-1

[Event "Tournoi International du Pays de Charleroi 2018"]
[Site "Roux, Belgium"]
[Date "2018.07.28"]
[Round "1.20"]
[White "Goossens, Hanne"]
[Black "Gitu, Paula-Alexandra"]
[Result "1-0"]
[WhiteTitle "WFM"]
[BlackTitle "WFM"]
[WhiteElo "2204"]
[BlackElo "1990"]

1. e4 {[%clk 01:30:57]} {[%emt 00:00:03]} d6 {[%clk 01:30:55]} {[%emt
00:00:05]} 2. d4 {[%clk 01:31:18]} {[%emt 00:00:09]} Nf6 {[%clk 01:31:22]}
{[%emt 00:00:03]} 3. Nc3 {[%clk 01:31:15]} {[%emt 00:00:33]} e5 {[%clk
01:31:47]} {[%emt 00:00:05]} 4. Nf3 {[%clk 01:30:46]} {[%emt 00:00:58]} Nbd7
{[%clk 01:32:12]} {[%emt 00:00:06]} 5. Bc4 {[%clk 01:30:21]} {[%emt 00:00:54]}
Be7 {[%clk 01:32:33]} {[%emt 00:00:09]} 6. a4 {[%clk 01:29:00]} {[%emt
00:01:51]} c6 {[%clk 01:32:40]} {[%emt 00:00:24]} 7. Ba2 {[%clk 01:27:00]}
{[%emt 00:02:30]} O-O {[%clk 01:32:32]} {[%emt 00:00:38]} 8. O-O {[%clk
01:26:15]} {[%emt 00:01:15]} b6 {[%clk 01:30:12]} {[%emt 00:02:50]} 9. Qe2
{[%clk 01:22:12]} {[%emt 00:04:33]} Bb7 {[%clk 01:19:27]} {[%emt 00:11:15]} 10.
Rd1 {[%clk 01:20:23]} {[%emt 00:02:19]} Qc7 {[%clk 01:19:03]} {[%emt 00:00:54]}
11. Bg5 {[%clk 01:17:31]} {[%emt 00:03:22]} h6 {[%clk 01:02:58]} {[%emt
00:16:35]} 12. Bh4 {[%clk 01:16:10]} {[%emt 00:01:50]} a6 {[%clk 01:02:29]}
{[%emt 00:01:00]} 13. h3 {[%clk 01:11:35]} {[%emt 00:05:04]} b5 {[%clk
00:59:30]} {[%emt 00:03:30]} 14. axb5 {[%clk 01:08:13]} {[%emt 00:03:52]} axb5
{[%clk 00:59:54]} {[%emt 00:00:06]} 15. b4 {[%clk 00:58:16]} {[%emt 00:10:27]}
Rfe8 {[%clk 00:53:30]} {[%emt 00:06:54]} 16. Bg3 {[%clk 00:52:42]} {[%emt
00:06:03]} Bf8 {[%clk 00:42:43]} {[%emt 00:11:17]} 17. Bb3 {[%clk 00:44:44]}
{[%emt 00:08:28]} Qb6 {[%clk 00:39:23]} {[%emt 00:03:51]} 18. Rxa8 {[%clk
00:39:44]} {[%emt 00:05:30]} Bxa8 {[%clk 00:39:45]} {[%emt 00:00:08]} 19. d5
{[%clk 00:39:31]} {[%emt 00:00:42]} Rc8 {[%clk 00:34:50]} {[%emt 00:05:25]} 20.
dxc6 {[%clk 00:37:48]} {[%emt 00:02:14]} Bxc6 {[%clk 00:34:10]} {[%emt
00:01:10]} 21. Nh4 {[%clk 00:36:05]} {[%emt 00:02:12]} Bb7 {[%clk 00:12:06]}
{[%emt 00:22:35]} 22. Qd3 {[%clk 00:28:27]} {[%emt 00:08:07]} d5 {[%clk
00:08:36]} {[%emt 00:04:00]} 23. Nxd5 {[%clk 00:26:48]} {[%emt 00:02:10]} Bxd5
{[%clk 00:08:34]} {[%emt 00:00:32]} 24. Bxd5 {[%clk 00:22:01]} {[%emt
00:05:17]} Bxb4 {[%clk 00:05:12]} {[%emt 00:03:52]} 25. Qb3 {[%clk 00:18:22]}
{[%emt 00:04:09]} Bc5 {[%clk 00:01:04]} {[%emt 00:04:37]} 26. Bxf7+ {[%clk
00:18:30]} {[%emt 00:00:22]} Kh8 {[%clk 00:01:16]} {[%emt 00:00:18]} 27. Bg6
{[%clk 00:17:36]} {[%emt 00:01:25]} Bd4 {[%clk 00:01:25]} {[%emt 00:00:21]} 28.
Bf5 {[%clk 00:14:00]} {[%emt 00:04:05]} Rc3 {[%clk 00:00:59]} {[%emt 00:00:56]}
29. Ng6 {[%clk 00:14:15]} {[%emt 00:00:15]} Kh7 {[%clk 00:01:24]} {[%emt
00:00:06]} 30. Nxe5 {[%clk 00:14:11]} {[%emt 00:00:34]} Kh8 {[%clk 00:01:24]}
{[%emt 00:00:30]} 31. Nf7 {[%clk 00:14:23]} {[%emt 00:00:18]} Kg8 {[%clk
00:01:46]} {[%emt 00:00:07]} 32. Nxh6+ {[%clk 00:14:43]} {[%emt 00:00:10]} 1-0